| 000 | 00923cam a2200277 a 4500 | ||
|---|---|---|---|
| 001 | 32135 | ||
| 003 | BD-RjUL | ||
| 005 | 20211209051807.0 | ||
| 008 | 140423s1954 enk 000 0 eng d | ||
| 035 | _a(BD-RjUL)32224 | ||
| 040 |
_aBD-RjUL _beng _cBD-RjUL |
||
| 041 | 1 |
_aeng _hgrc |
|
| 082 |
_a184 _bPLP 1954 |
||
| 100 | 0 |
_aPlato. _997803 |
|
| 245 | 1 | 0 |
_aPlato's Phaedo / _ca translation of Plato's Phaedo with introduction, notes and appendices by R. S. Bluck. |
| 260 |
_aLondon : _bRoutledge & Kegan Paul, _c1954 |
||
| 300 |
_ax, 208 p. ; _c22 cm. |
||
| 500 | _aTranslation of: Phaedo. | ||
| 504 | _aIncludes bibliographical references and index. | ||
| 650 | 0 |
_aImmortality. _997804 |
|
| 650 | 0 |
_aPhilosophy, Ancient. _997805 |
|
| 700 | 1 |
_aBluck, R. S. _q(Richard Stanley) _997806 |
|
| 830 | 0 |
_aInternational library of psychology, philosophy, and scientific method. _997808 |
|
| 942 |
_2ddc _cBK |
||
| 999 |
_c32135 _d32135 |
||